|
|
|
|
| LEADER |
00000nab a2200000 a 4500 |
| 001 |
vtls001518921 |
| 003 |
SK-MaSNL |
| 005 |
20260318122701.0 |
| 008 |
160405c2005 xo |||||||| |000 b|hun |
| 015 |
|
|
|a SNBRB2005/03
|2 snkbucl
|
| 038 |
|
|
|a SNKBUCL
|
| 040 |
|
|
|a DSZK
|b slo
|c DSZK
|e AACR2
|
| 041 |
0 |
|
|a hun
|
| 044 |
|
|
|a xo
|c SK
|
| 080 |
|
|
|a 294.527
|2 1997
|
| 100 |
1 |
|
|a Jády, Mónika
|4 ivr
|4 aut
|9 856590
|
| 245 |
1 |
0 |
|a Mit adhat a jóga?
|c Jády Mónika, Páczer Laura
|
| 300 |
|
|
|b Fotogr.
|
| 650 |
0 |
7 |
|a joga
|2 snkbucl
|9 4277
|
| 700 |
1 |
|
|a Páczer, Laura
|4 ive
|4 aut
|9 1270702
|
| 773 |
0 |
|
|t Új nő
|g Sz. 2 (2005), o. 13
|x 1335-938X
|
| 852 |
|
|
|a SNK
|b KIS3GCP
|
| 852 |
|
|
|a DSZK
|b KIS3GCP
|
| 958 |
|
|
|a HU
|
| 958 |
|
|
|a SK
|
| 999 |
|
|
|c 3142713
|d 3144643
|